00654nam a22002177a 4500003000400000082002000004100001600024245006800040260008600108300001300194546001200207650003900219650002600258650003500284650002000319650002800339700001900367700001500386700001700401700001800418OSt a333.06 bRAK/ST aRaka Saxena aPolicy paper:bstrategy for doubling income of farmers in india aNew DelhibNational Institute of Agricultural Economics and Policy Researchc2017 axvi,75p. aEnglish aPerformnce of agriculture in india aIncome and estimation aTechnology and Diversification aFood processing apost-harvest management aNaveen P Singh aBalaji S J aUsha R Ahuja aDeepika Joshi